Diétás sütemények és desszertek választékának vizsgálata Hévíz kávézóiban, cukrászdáiban

Bibliographic Details
Main Author: Szabadszállási-Tóbi Nikoletta
Other Authors: Hidvégi Hedvig
Format: Thesis
Kulcsszavak:Diétás
Hévíz
Cukrászda
Sütemény
Táplálékallergia
Online Access:http://dolgozattar.uni-bge.hu/18271

MARC

LEADER 00000nta a2200000 i 4500
001 dolg18271
005 20181127130924.0
008 181127suuuu hu om 000 hun d
040 |a BGE Dolgozattár Repozitórium  |b hun 
041 |a hu 
100 1 |a Szabadszállási-Tóbi Nikoletta 
245 1 0 |a Diétás sütemények és desszertek választékának vizsgálata Hévíz kávézóiban, cukrászdáiban  |c Szabadszállási-Tóbi Nikoletta  |h [elektronikus dokumentum] 
695 |a Diétás 
695 |a Hévíz 
695 |a Cukrászda 
695 |a Sütemény 
695 |a Táplálékallergia 
700 1 |a Hidvégi Hedvig  |e ths 
856 4 0 |u http://dolgozattar.uni-bge.hu/18271/1/Szabadszallasi-Tobi_Nikoletta_L1EI6V.pdf  |z Dokumentum-elérés 
856 4 0 |u http://dolgozattar.uni-bge.hu/18271/2/Titkositasi_kerelem.pdf  |z Dokumentum-elérés